00618nam a2200193Ia 4500008004100000020001800041082001700059100001800076245005200094250000800146260004100154300002800195500001900223600001500242650001500257942000700272952012800279999001700407240925s9999 xx 000 0 und d a9781118173275 a658.4036 MCG aMcGoff, Chirs 4aThe Primes: how any group can solve any problem a1st aNew York:bJohn Wiley & Sonsc,2012. axv, 677p.bNAfOriginal aIncludes Index aManagement aManagement cBK 001040708MANaUITUbUITUd2018-12-23eBook Stationg300.00l0o658.4036 MCGpQ12589r2024-09-25 07:16:33w2024-09-25yBK c15088d15088